1491 : (Record no. 596)

MARC details
000 -LEADER
fixed length control field 01530cam a2200385 a 4500
005 - DATE AND TIME OF LATEST TRANSACTION
control field 20260322212026.0
008 - FIXED-LENGTH DATA ELEMENTS--GENERAL INFORMATION
fixed length control field data
010 ## - LIBRARY OF CONGRESS CONTROL NUMBER
LC control number 2007276604
020 ## - INTERNATIONAL STANDARD BOOK NUMBER
International Standard Book Number 1400032059 (pbk.)
020 ## - INTERNATIONAL STANDARD BOOK NUMBER
International Standard Book Number 9781400032051 (pbk.)
040 ## - CATALOGING SOURCE
Original cataloging agency DLC
Transcribing agency DLC
043 ## - GEOGRAPHIC AREA CODE
Geographic area code nc-----
-- s------
-- nc-----
050 00 - LIBRARY OF CONGRESS CALL NUMBER
Classification number E61
Item number .M266 2006
092 ## - LOCALLY ASSIGNED DEWEY CALL NUMBER (OCLC)
Classification number 970.01 M266 2006
001 - CONTROL NUMBER
control field data
100 1# - MAIN ENTRY--PERSONAL NAME
Personal name Mann, Charles C.
245 10 - TITLE STATEMENT
Title 1491 :
Remainder of title new revelations of the Americas before Columbus /
Statement of responsibility, etc. Charles C. Mann.
246 3# - VARYING FORM OF TITLE
Title proper/short title Fourteen ninety-one
250 ## - EDITION STATEMENT
Edition statement 1st Vintage Books ed.
260 ## - PUBLICATION, DISTRIBUTION, ETC.
Place of publication, distribution, etc. New York :
Name of publisher, distributor, etc. Vintage,
Date of publication, distribution, etc. 2006.
300 ## - PHYSICAL DESCRIPTION
Extent xiii, 541 p. :
Other physical details ill., maps ;
Dimensions 21 cm.
500 ## - GENERAL NOTE
General note "With new afterword"--Cover.
504 ## - BIBLIOGRAPHY, ETC. NOTE
Bibliography, etc. note Includes bibliographical references and index.
650 #0 - SUBJECT ADDED ENTRY--TOPICAL TERM
Topical term or geographic name entry element Indians
General subdivision Origin.
650 #0 - SUBJECT ADDED ENTRY--TOPICAL TERM
Topical term or geographic name entry element Indians
General subdivision History.
650 #0 - SUBJECT ADDED ENTRY--TOPICAL TERM
Topical term or geographic name entry element Indians
General subdivision Antiquities.
651 #0 - SUBJECT ADDED ENTRY--GEOGRAPHIC NAME
Geographic name America
General subdivision Antiquities.
856 42 - ELECTRONIC LOCATION AND ACCESS
Materials specified Contributor biographical information
Uniform Resource Identifier <a href="http://www.loc.gov/catdir/enhancements/fy0728/2007276604-b.html">http://www.loc.gov/catdir/enhancements/fy0728/2007276604-b.html</a>
856 42 - ELECTRONIC LOCATION AND ACCESS
Materials specified Publisher description
Uniform Resource Identifier <a href="http://www.loc.gov/catdir/enhancements/fy0728/2007276604-d.html">http://www.loc.gov/catdir/enhancements/fy0728/2007276604-d.html</a>
856 41 - ELECTRONIC LOCATION AND ACCESS
Materials specified Sample text
Uniform Resource Identifier <a href="http://www.loc.gov/catdir/enhancements/fy0728/2007276604-s.html">http://www.loc.gov/catdir/enhancements/fy0728/2007276604-s.html</a>
856 41 - ELECTRONIC LOCATION AND ACCESS
Materials specified Table of contents only
Uniform Resource Identifier <a href="http://www.loc.gov/catdir/enhancements/fy0728/2007276604-t.html">http://www.loc.gov/catdir/enhancements/fy0728/2007276604-t.html</a>
906 ## - LOCAL DATA ELEMENT F, LDF (RLIN)
a 7
b cbc
c origcop
d 2
e ncip
f 20
g y-gencatlg
925 0# -
-- acquire
-- 1 shelf copy
-- policy default
955 ## - COPY-LEVEL INFORMATION (RLIN)
-- pv06 2007-07-16 to Dewey (telework)
Holdings
Withdrawn status Lost status Damaged status Not for loan Home library Current library Shelving location Date acquired Total checkouts Full call number Barcode Date last seen Price effective from Koha item type
        Franklin Franklin General stacks 22/03/2026   E61 .M266 2006 BC0010611 22/03/2026 22/03/2026 Books